01279njm a2200265Ia 4500001000600000003000900006005001700015008004100032040001300073040001300086041001200099100001500111100001800126100003800144245002100182250001100203260000800214260007100222300001700293500002900310505051300339650005500852700004700907700005900954C6417IT-RoPAU20220918181109.0131025s9999 xx 000 0 und d aIT-RoPAU cIT-RoPAU aINGLESE aComo Perry eAutore musica gCodice autore musica SPICS: 42231 aCollection (The) a1a ed. aUSA bCASTLE COMMUNICATIONSc1988 [1a Ed.:1988 - Ed. Lingua Orig.: 1988] aCOMPACT DISC aMusica leggera. Canzone. aCatch A Falling Star - Magic Moments - Delaware - Wanted - For the Good Time - I Think of You - Don't Let the Stars Get In Your Eyes - Hot Diggity (Dog Ziggity Boom) - Loves Makes the World Go 'Round - Caterina - Lollipops and Roses - Kewpie Doll - What Kind of A Fool Am I? - Papa Loves Mambo - Tie A Yellow Ribbon 'Round the Old Oak Tree - Sunrise, Sunset - The Way We Were - Yesterday - Moon River - Young At Heart - Michelle - You'll Never Walk Alone - The Most Beautiful Girl In the World - Close To You aCANZONE [COMPACT DISC]eCodice MATERIA SPICS: 9949 aAA.VV.eAutoregCodice autore SPICS: 12000 aComo PerrygCodice interprete SPICS: 42231eInterprete